000
00303nam a22001337a 4500
008
260223b ||||| |||| 00| 0 eng d
020
_a
9951050077
041
_a
eng
080
_a
2.1
100
_a
20.1
101
_a
Shqip
245
_a
Pavarësia , Gjasa dhe Shpresë
_c
Fehmi Agani
942
_2
lcc
_c
BK
999
_c
60849
_d
60849